Vyslankyňa Božieho milosrdenstva

Bibliographic Details
Main Author: Solčiansky, Anton, 1961- (Author)
Format: Article
Language:Slovak
PhysicalDescription:Obr. 1
Subjects:

MARC

LEADER 00000nab a2200000 a 4500
001 vtls000487833
003 SK-MaSNL
005 20260303004245.0
008 150430c1993 xo 0 slo
015 |a SNBRB19rr/mm-uuuuu 
035 |a CL0487970 
040 |a SNKBUCL  |b slo  |c SNKBUCL  |e AACR2 
041 0 |a slo 
044 |a xo  |c SK 
080 |a 235.3  |2 1981 
080 |a 929 Kovalská, Helena Faustína  |2 1981 
100 1 |a Solčiansky, Anton,  |d 1961-  |4 aut  |9 10886 
245 1 0 |a Vyslankyňa Božieho milosrdenstva  |c Anton Solčiansky 
300 |b Obr. 1 
600 1 7 |a Kovalská, Helena Faustína  |c blahoslavená  |d 1905-1938  |x profily  |2 snkbucl  |9 983052 
655 7 |a články z novín a časopisov  |2 snkbucl  |9 267496 
773 0 |t Posol  |g Roč. 72, č. 6 (1993), s. 4-5 
850 |a Slovenská národná knižnica v Martine  |a MTA001 
852 |a SNK  |b KIS3GCP 
958 |a RK 
958 |a BC 
992 |a RBX 
999 |c 1576818  |d 1578748